LEADER 00905nam a2200205 4500 001 000000341437 003 CaOOAMICUS 005 20240506145419.0 008 200811s1844 it a 000 u ita r 040 $aSeMil$bita 100 11$aHope, James,$d<1801-1841>.$0(OLS)http://semarc/name/111886 245 00$aVol. 1. 264 1$aMilano :$bTipografia di Vincenzo Guglielmini,$c1844. 300 $aXXII, 326 p., [3] carte di tav. :$bill. ;$c23 cm 773 0 $aHope, James <1801-1841>$tTrattato delle malattie del cuore e dei vasi maggiori.$dMilano : Tipografia di Vincenzo Guglielmini, 1844.$g1$w()341436 850 $aSeMil 852 $aSeMil$W1$xVenegono$y1$m3XB IV 25 FA$j220466$B232440$CSeMilBibl$Z2$F232440 $8I 996 $6245$aVol. 1$9(OLS)http://semarc/title/13429 996 $6264$aMilano :$bTipografia di Vincenzo Guglielmini$9(OLS)http://semarc/publisher/54522 LEADER 01087nam a2200265 4500 001 000000332994 003 CaOOAMICUS 005 20190404164123.0 008 190321s2015 it a 000 u ita r 020 $a978-88-6671-221-3 040 $aSeMil$bita 100 1 $aAlborghetti, Roberto.$0(OLS)http://semarc/name/4730 245 10$aPaola Elisabetta Cerioli :$bil grande albero e il granello di senape /$cRoberto Alborghetti. 250 $a2. Edizione 264 1$aGorle :$bVelar,$c2015. 300 $a95 p. :$bill. ;$c20 cm 541 1 $aFondo Mons. Mario Delpini 600 14$aCerioli, Paola Elisabetta .$0(OLS)http://semarc/subject/1490 850 $aSeMil 852 $aSeMil$W1$xVenegono$y1$m3H II 498$j213133$B226009$CSeMilBibl$Z2$F226009 $81 941 1 $a7 996 $6020$a978-88-6671-221-3$9(OLS)http://semarc/number/286886 996 $6245$aPaola Elisabetta Cerioli :$bil grande albero e il granello di senape$9(OLS)http://semarc/title/422145 996 $6264$aGorle :$bVelar$9(OLS)http://semarc/publisher/33489